| 000 | 00552nam a2200193Ia 4500 | ||
|---|---|---|---|
| 003 | GCL | ||
| 008 | 140319s9999 xx 000 0 eng d | ||
| 040 |
_aGCL / _cGCL |
||
| 082 | 0 | 4 |
_a337 _bK I |
| 100 | 1 | _aREOHANE, ROBERT O | |
| 245 | 1 | 0 |
_aINTERNATIONALIZATION AND DOMESTIC POLITICS / _cREOHANE, ROBERT O |
| 700 | 1 | _aMILNER, HELEN V | |
| 260 |
_a[S.N] : _bCAMBRIDGE UNIVERSITY PRESS ، _c1996 |
||
| 300 | _a308 P | ||
| 650 | 0 | 4 | _aWORLD POLITICS |
| 650 | 0 | 4 | _aINTERNATIONAL ECONOMIC RELATIONS |
| 650 | 0 | 4 | _aCOMPARATIVE GOVERNMENT |
| 942 |
_2ddc _cBK |
||
| 999 |
_c13988 _d13988 |
||